| 000 | 00656cam a2200205 a 4500 | ||
|---|---|---|---|
| 001 | 000019896 | ||
| 005 | 20200929170200.0 | ||
| 008 | 730522s1963 nyub 000 1 eng d | ||
| 040 |
_aDO-SdBNP _beng _cLC _dBNPHU |
||
| 050 | 0 | 0 |
_aPZ3.M583 _bCar2 _aPS3525.I19 |
| 082 |
_ann* _bM623c |
||
| 100 | 1 |
_aMichener, James A. _q(James Albert), _d1907-1997. _911111 |
|
| 245 | 1 | 0 |
_aCaravans : _ba novel / _cJames A, Michener. |
| 260 |
_aNew York : _bRandom House, _c1963. |
||
| 300 |
_a341 p. : _bmapas ; _c22 cm. |
||
| 650 | 0 |
_aAmericans _zAfghanistan _xFiction. _942441 |
|
| 651 | 0 |
_aAfghanistan _xFiction. _942442 |
|
| 910 | _aCatalogación derivada / LC | ||
| 049 | _aBNGR | ||
| 999 |
_c19409 _d19409 |
||